[Event "VI Sunway Sitges Open 2019"]
[Site "Sitges"]
[Date "2019.12.20"]
[Round "8.52"]
[White "Lorenzo Martinez, Ruben"]
[Black "Lokare Yash"]
[Result "0-1"]
[WhiteElo "1785"]
[BlackElo "1353"]
[Annotator "NA"]
[PlyCount "116"]
[EventDate "2019.12.13"]
[EventType "swiss"]
[EventCountry "ESP"]
[SourceTitle "playchess.com"]
[Source "ChessBase"]
[SourceQuality "1"]
[TimeControl "40/5400+30:1800+30"]

1. d4 {[%emt 0:09:21]} Nf6 {[%emt 0:00:00]} 2. c4 {[%emt 0:00:12]} e6 {[%emt 0:02:10]} 3. Nf3 {[%emt 0:01:49]} d5 {[%emt 0:00:00]} 4. cxd5 {[%emt 0:00:35]} exd5 {[%emt 0:00:36]} 5. Bg5 {[%emt 0:01:26]} Be7 {[%emt 0:00:00]} 6. e3 {[%emt 0:00:18]} c6 {[%emt 0:00:00]} 7. Nc3 {[%emt 0:01:09]} Nbd7 {[%emt 0:00:32]} 8. Bd3 {[%emt 0:00:00]} O-O {[%emt 0:00:15]} 9. O-O {[%emt 0:00:32]} h6 {[%emt 0:00:37]} 10. Bh4 {[%emt 0:00:58]} b6 {[%emt 0:04:16]} 11. a3 {[%emt 0:02:36]} c5 {[%emt 0:02:33]} 12. Bb5 {[%emt 0:25:03]} Bb7 {[%emt 0:05:57]} 13. Ne5 {[%emt 0:00:00]} Nxe5 {[%emt 0:19:41]} 14. dxe5 {[%emt 0:00:00]} Ne4 {[%emt 0:00:02]} 15. Bxe7 {[%emt 0:00:00]} Qxe7 {[%emt 0:00:02]} 16. Nxe4 {[%emt 0:00:00]} dxe4 {[%emt 0:00:03]} 17. Qd7 {[%emt 0:00:00]} Qxd7 {[%emt 0:00:49]} 18. Bxd7 {[%emt 0:00:00]} Rfd8 {[%emt 0:00:03]} 19. Rad1 {[%emt 0:00:00]} Ba6 {[%emt 0:07:35]} 20. Rfe1 {[%emt 0:04:43]} Bd3 {[%emt 0:01:59]} 21. e6 {[%emt 0:02:46]} Kf8 {[%emt 0:08:57]} 22. f3 {[%emt 0:22:32]} Ke7 {[%emt 0:06:52]} 23. Bc6 {[%emt 0:00:00]} Rac8 {[%emt 0:00:00]} 24. Bb7 {[%emt 0:01:29]} Rb8 {[%emt 0:00:00]} 25. Bc6 {[%emt 0:00:00]} Kxe6 {[%emt 0:00:00]} 26. fxe4 {[%emt 0:00:00]} Ke5 {[%emt 0:01:21]} 27. Bd5 {[%emt 0:00:00]} f5 {[%emt 0:04:11]} 28. Rxd3 {[%emt 0:00:00]} fxe4 {[%emt 0:00:00]} 29. Bxe4 {[%emt 0:00:00]} Kxe4 {[%emt 0:00:13]} 30. Rdd1 {[%emt 0:02:53]} g5 {[%emt 0:04:33]} 31. Kf2 {[%emt 0:00:00]} h5 {[%emt 0:02:22]} 32. Ke2 {[%emt 0:01:46]} c4 {[%emt 0:02:07]} 33. Rf1 {[%emt 0:02:28]} Rd3 {[%emt 0:02:57]} 34. Rf7 {[%emt 0:05:37]} Rxe3+ {[%emt 0:05:13]} 35. Kf2 {[%emt 0:00:14]} Re8 {[%emt 0:00:17]} 36. Rxa7 {[%emt 0:00:00]} Rf8+ {[%emt 0:00:47]} 37. Kg1 {[%emt 0:01:23]} Rf5 {[%emt 0:02:43]} 38. Rc7 {[%emt 0:00:00]} Rc5 {[%emt 0:01:23]} 39. Rxc5 {[%emt 0:01:58]} bxc5 {[%emt 0:00:02]} 40. a4 {[%emt 0:00:44]} Rb3 {[%emt 0:02:51]} 41. Rd2 {[%emt 0:01:38]} Ke3 {[%emt 0:01:47]} 42. Rc2 {[%emt 0:01:11]} Kd3 {[%emt 0:00:00]} 43. Rf2 {[%emt 0:03:09]} Rb4 {[%emt 0:00:00]} 44. a5 {[%emt 0:11:38]} Ra4 {[%emt 0:05:26]} 45. Rf3+ {[%emt 0:02:46]} Ke4 {[%emt 0:02:33]} 46. b3 {[%emt 0:03:05]} cxb3 {[%emt 0:00:00]} 47. Rxb3 {[%emt 0:00:19]} Rxa5 {[%emt 0:00:00]} 48. Rb8 {[%emt 0:02:53]} c4 {[%emt 0:00:00]} 49. Rc8 {[%emt 0:01:21]} Kd3 {[%emt 0:00:00]} 50. Rd8+ {[%emt 0:00:15]} Kc2 {[%emt 0:00:00]} 51. Kf2 {[%emt 0:00:22]} Re5 {[%emt 0:00:27]} 52. h3 {[%emt 0:01:43]} c3 {[%emt 0:00:00]} 53. g4 {[%emt 0:00:41]} hxg4 {[%emt 0:00:00]} 54. hxg4 {[%emt 0:00:10]} Kc1 {[%emt 0:00:00]} 55. Rb8 {[%emt 0:00:58]} c2 {[%emt 0:00:00]} 56. Rb7 {[%emt 0:00:40]} Re4 {[%emt 0:00:00]} 57. Kf3 {[%emt 0:00:26]} Rf4+ {[%emt 0:00:00]} 58. Kg3 {[%emt 0:00:55]} Rd4 {[%emt 0:00:00]} 0-1

[Event "VI Sunway Sitges Open 2019"]
[Site "Sitges"]
[Date "2019.12.20"]
[Round "8.53"]
[White "Mateus, Domingos"]
[Black "Goris-Schouwstra, Adry"]
[Result "1-0"]
[WhiteElo "1857"]
[BlackElo "1624"]
[Annotator "NA"]
[PlyCount "137"]
[EventDate "2019.12.13"]
[EventType "swiss"]
[EventCountry "ESP"]
[SourceTitle "playchess.com"]
[Source "ChessBase"]
[SourceQuality "1"]
[TimeControl "40/5400+30:1800+30"]

1. e4 {[%emt 0:08:09]} e6 {[%emt 0:00:00]} 2. d4 {[%emt 0:00:14]} d5 {[%emt 0:00:00]} 3. exd5 {[%emt 0:03:03]} exd5 {[%emt 0:00:11]} 4. Bd3 {[%emt 0:00:11]} Bd6 {[%emt 0:00:35]} 5. h3 {[%emt 0:00:41]} Ne7 {[%emt 0:01:52]} 6. Nf3 {[%emt 0:04:12]} Bf5 {[%emt 0:01:31]} 7. O-O {[%emt 0:00:37]} Bxd3 {[%emt 0:02:03]} 8. Qxd3 {[%emt 0:00:06]} c6 {[%emt 0:04:21]} 9. Re1 {[%emt 0:01:08]} h6 {[%emt 0:00:53]} 10. Nbd2 {[%emt 0:03:51]} O-O {[%emt 0:03:21]} 11. Nf1 {[%emt 0:04:58]} Nd7 {[%emt 0:01:00]} 12. Ne3 {[%emt 0:00:39]} Re8 {[%emt 0:03:47]} 13. Ng4 {[%emt 0:02:15]} Ng6 {[%emt 0:03:42]} 14. Bd2 {[%emt 0:05:23]} Bf8 {[%emt 0:09:41]} 15. Rxe8 {[%emt 0:03:33]} Qxe8 {[%emt 0:00:15]} 16. Re1 {[%emt 0:00:06]} Qd8 {[%emt 0:00:23]} 17. Qf5 {[%emt 0:00:10]} Qc7 {[%emt 0:10:15]} 18. Bxh6 {[%emt 0:07:31]} gxh6 {[%emt 0:00:39]} 19. Qxd7 {[%emt 0:00:05]} Qxd7 {[%emt 0:08:22]} 20. Nf6+ {[%emt 0:00:35]} Kg7 {[%emt 0:00:28]} 21. Nxd7 {[%emt 0:00:02]} Bd6 {[%emt 0:01:12]} 22. Nde5 {[%emt 0:00:16]} Re8 {[%emt 0:02:04]} 23. Nxg6 {[%emt 0:00:32]} Rxe1+ {[%emt 0:00:18]} 24. Nxe1 {[%emt 0:00:02]} fxg6 {[%emt 0:00:36]} 25. Kf1 {[%emt 0:00:07]} h5 {[%emt 0:02:25]} 26. Ke2 {[%emt 0:00:40]} Kf6 {[%emt 0:00:43]} 27. Kd3 {[%emt 0:00:17]} Kf5 {[%emt 0:02:15]} 28. b3 {[%emt 0:01:30]} b5 {[%emt 0:00:58]} 29. c3 {[%emt 0:00:20]} g5 {[%emt 0:03:39]} 30. Nc2 {[%emt 0:01:06]} Kf6 {[%emt 0:01:00]} 31. Ne3 {[%emt 0:00:47]} Ke6 {[%emt 0:01:36]} 32. c4 {[%emt 0:01:21]} Bf4 {[%emt 0:02:26]} 33. g3 {[%emt 0:00:44]} Bc7 {[%emt 0:01:49]} 34. c5 {[%emt 0:04:42]} a5 {[%emt 0:04:36]} 35. a4 {[%emt 0:00:58]} b4 {[%emt 0:00:37]} 36. g4 {[%emt 0:00:26]} hxg4 {[%emt 0:01:09]} 37. hxg4 {[%emt 0:00:02]} Bf4 {[%emt 0:04:26]} 38. Nf5 {[%emt 0:00:14]} Kf6 {[%emt 0:03:40]} 39. Nh6 {[%emt 0:01:34]} Kg7 {[%emt 0:00:51]} 40. Nf5+ {[%emt 0:00:00]} Kf6 {[%emt 0:00:00]} 41. Ke2 {[%emt 0:00:32]} Ke6 {[%emt 0:01:33]} 42. Ng7+ {[%emt 0:00:23]} Kf7 {[%emt 0:01:02]} 43. Nh5 {[%emt 0:01:34]} Bc7 {[%emt 0:01:39]} 44. Kd3 {[%emt 0:00:32]} Kg6 {[%emt 0:03:24]} 45. Ke3 {[%emt 0:00:46]} Bb8 {[%emt 0:02:01]} 46. Kf3 {[%emt 0:00:17]} Bc7 {[%emt 0:02:32]} 47. Ng3 {[%emt 0:02:44]} Bf4 {[%emt 0:01:37]} 48. Nf5 {[%emt 0:00:21]} Kf6 {[%emt 0:00:33]} 49. Ke2 {[%emt 0:01:51]} Bc7 {[%emt 0:03:00]} 50. Ne3 {[%emt 0:00:17]} Bf4 {[%emt 0:00:39]} 51. Nc2 {[%emt 0:00:12]} Bc7 {[%emt 0:01:14]} 52. Ne1 {[%emt 0:00:11]} Bf4 {[%emt 0:01:49]} 53. Nd3 {[%emt 0:00:03]} Bc7 {[%emt 0:01:23]} 54. Ke3 {[%emt 0:00:03]} Bb8 {[%emt 0:01:57]} 55. f4 {[%emt 0:01:05]} gxf4+ {[%emt 0:00:43]} 56. Nxf4 {[%emt 0:00:04]} Kg5 {[%emt 0:13:39]} 57. Ne6+ {[%emt 0:00:30]} Kxg4 {[%emt 0:00:52]} 58. Nd8 {[%emt 0:00:09]} Kf5 {[%emt 0:01:49]} 59. Nxc6 {[%emt 0:00:29]} Bc7 {[%emt 0:00:51]} 60. Ne7+ {[%emt 0:00:22]} Ke6 {[%emt 0:00:30]} 61. Ng6 {[%emt 0:00:32]} Kf5 {[%emt 0:00:53]} 62. Nh4+ {[%emt 0:00:58]} Ke6 {[%emt 0:01:58]} 63. Ng6 {[%emt 0:04:40]} Kd7 {[%emt 0:02:48]} 64. Nf4 {[%emt 0:07:51]} Kc6 {[%emt 0:00:15]} 65. Ng6 {[%emt 0:04:40]} Bd8 {[%emt 0:01:46]} 66. Kf4 {[%emt 0:00:40]} Bf6 {[%emt 0:01:26]} 67. Ne5+ {[%emt 0:00:04]} Kc7 {[%emt 0:02:02]} 68. Kf5 Bh4 {[%emt 0:00:02]} 69. Ke6 1-0

[Event "VI Sunway Sitges Open 2019"]
[Site "Sitges"]
[Date "2019.12.20"]
[Round "8.54"]
[White "Divitt Arora"]
[Black "De La Riva Fernandez, Eduardo"]
[Result "0-1"]
[WhiteElo "1616"]
[BlackElo "1824"]
[Annotator "NA"]
[PlyCount "144"]
[EventDate "2019.12.13"]
[EventType "swiss"]
[EventCountry "ESP"]
[SourceTitle "playchess.com"]
[Source "ChessBase"]
[SourceQuality "1"]
[TimeControl "40/5400+30:1800+30"]

1. e4 {[%emt 20:44:16]} e6 {[%emt 0:00:09]} 2. d4 {[%emt 0:00:05]} d5 {[%emt 0:00:05]} 3. Nc3 {[%emt 0:00:16]} Nf6 {[%emt 0:00:09]} 4. Bg5 {[%emt 0:00:15]} Be7 {[%emt 0:00:07]} 5. e5 {[%emt 0:00:10]} Nfd7 {[%emt 0:00:11]} 6. Bxe7 {[%emt 0:00:07]} Qxe7 {[%emt 0:00:04]} 7. f4 {[%emt 0:00:14]} a6 {[%emt 0:00:28]} 8. Qg4 {[%emt 0:00:10]} f5 {[%emt 0:01:50]} 9. exf6 {[%emt 0:00:15]} Nxf6 {[%emt 0:00:17]} 10. Qh4 {[%emt 0:00:18]} c5 {[%emt 0:03:01]} 11. dxc5 {[%emt 0:00:09]} Qxc5 {[%emt 0:01:01]} 12. O-O-O {[%emt 0:05:51]} Nc6 {[%emt 0:02:03]} 13. Bd3 {[%emt 0:11:34]} O-O {[%emt 0:13:33]} 14. Kb1 {[%emt 0:00:41]} Nb4 {[%emt 0:07:41]} 15. Nf3 {[%emt 0:26:28]} Nxd3 {[%emt 0:01:58]} 16. Rxd3 {[%emt 0:00:56]} Bd7 {[%emt 0:02:02]} 17. Ne5 {[%emt 0:02:07]} Be8 {[%emt 0:12:57]} 18. g4 {[%emt 0:17:53]} Rc8 {[%emt 0:11:23]} 19. Rc1 {[%emt 0:07:18]} Rc7 {[%emt 0:02:51]} 20. Rh3 {[%emt 0:03:26]} Bg6 {[%emt 0:07:14]} 21. Nxg6 {[%emt 0:04:05]} hxg6 {[%emt 0:00:01]} 22. Qg5 {[%emt 0:00:31]} d4 {[%emt 0:12:10]} 23. Qxc5 {[%emt 0:01:26]} Rxc5 {[%emt 0:00:01]} 24. Ne2 {[%emt 0:00:43]} Rd5 {[%emt 0:01:59]} 25. Rd3 {[%emt 0:00:36]} Nxg4 {[%emt 0:00:52]} 26. Rxd4 {[%emt 0:00:41]} Nxh2 {[%emt 0:03:09]} 27. Rxd5 {[%emt 0:00:07]} exd5 {[%emt 0:00:17]} 28. Rd1 {[%emt 0:00:30]} Rf5 {[%emt 0:03:54]} 29. Rd4 {[%emt 0:01:18]} Nf3 {[%emt 0:00:58]} 30. Rd3 {[%emt 0:00:46]} Nh4 {[%emt 0:02:15]} 31. Rb3 {[%emt 0:01:14]} b5 {[%emt 0:03:34]} 32. Ra3 {[%emt 0:01:25]} Rf6 {[%emt 0:00:38]} 33. Rd3 {[%emt 0:00:12]} Ng2 {[%emt 0:00:51]} 34. Rxd5 {[%emt 0:00:50]} Nxf4 {[%emt 0:00:15]} 35. Nxf4 {[%emt 0:00:10]} Rxf4 36. a3 {[%emt 0:00:13]} Rf5 {[%emt 0:01:13]} 37. Rd6 {[%emt 0:00:14]} Rf6 {[%emt 0:00:13]} 38. Rd5 {[%emt 0:00:28]} Rf5 {[%emt 0:00:20]} 39. Rd6 {[%emt 0:00:11]} Rf6 40. Rd5 {[%emt 0:00:13]} Kh7 {[%emt 0:00:34]} 41. Kc1 {[%emt 0:00:11]} Kh6 {[%emt 0:00:16]} 42. Kd2 {[%emt 0:01:39]} g5 {[%emt 0:02:02]} 43. a4 {[%emt 0:00:32]} bxa4 {[%emt 0:00:27]} 44. Ra5 {[%emt 0:00:14]} g4 {[%emt 0:00:22]} 45. Rxa4 {[%emt 0:00:13]} Kh5 {[%emt 0:00:12]} 46. c4 {[%emt 0:01:15]} g3 {[%emt 0:00:19]} 47. Ra1 {[%emt 0:05:08]} Kg4 {[%emt 0:00:39]} 48. b4 {[%emt 0:00:37]} g2 {[%emt 0:00:36]} 49. Ke2 {[%emt 0:01:17]} Kg3 {[%emt 0:00:58]} 50. b5 {[%emt 0:02:12]} axb5 {[%emt 0:01:22]} 51. cxb5 {[%emt 0:00:10]} Re6+ {[%emt 0:02:10]} 52. Kd3 {[%emt 0:00:14]} Kh2 {[%emt 0:00:34]} 53. Kd4 {[%emt 0:00:33]} g1=Q+ {[%emt 0:00:55]} 54. Rxg1 {[%emt 0:00:11]} Kxg1 {[%emt 0:00:11]} 55. Kd5 {[%emt 0:00:08]} Rh6 {[%emt 0:00:27]} 56. Kc5 {[%emt 0:00:08]} g5 {[%emt 0:00:23]} 57. b6 {[%emt 0:00:07]} Rh8 {[%emt 0:00:20]} 58. Kc6 {[%emt 0:00:23]} g4 {[%emt 0:00:14]} 59. b7 {[%emt 0:00:07]} g3 {[%emt 0:00:09]} 60. Kc7 {[%emt 0:00:05]} g2 {[%emt 0:00:27]} 61. b8=Q {[%emt 0:00:16]} Rxb8 {[%emt 0:00:09]} 62. Kxb8 {[%emt 0:00:11]} Kf2 {[%emt 0:00:08]} 63. Kc7 {[%emt 0:00:08]} g1=Q {[%emt 0:00:14]} 64. Kd6 {[%emt 0:00:05]} Qg5 {[%emt 0:00:12]} 65. Kc6 {[%emt 0:00:09]} Qe5 {[%emt 0:00:10]} 66. Kb6 {[%emt 0:00:10]} Qc3 {[%emt 0:00:12]} 67. Kb7 {[%emt 0:00:09]} Ke3 {[%emt 0:00:13]} 68. Kb6 {[%emt 0:00:10]} Qc8 {[%emt 0:00:19]} 69. Kb5 {[%emt 0:00:08]} Kd4 {[%emt 0:00:24]} 70. Kb4 {[%emt 0:00:10]} Qb7+ {[%emt 0:00:17]} 71. Ka3 {[%emt 0:00:07]} Kc3 {[%emt 0:00:30]} 72. Ka4 {[%emt 0:00:05]} Qb4# {[%emt 0:00:08]} 0-1

[Event "VI Sunway Sitges Open 2019"]
[Site "Sitges"]
[Date "2019.12.20"]
[Round "9.1"]
[White "Liang, Awonder"]
[Black "Korobov, Anton"]
[Result "0-1"]
[WhiteElo "2593"]
[BlackElo "2668"]
[Annotator "TA"]
[PlyCount "86"]
[EventDate "2019.12.13"]
[EventType "swiss"]
[EventCountry "ESP"]
[SourceTitle "playchess.com"]
[Source "ChessBase"]
[SourceQuality "1"]

{[%evp 9,86,14,19,8,8,8,10,0,6,0,6,0,0,0,16,9,0,-21,-12,-108,-88,-119,-101,-123,-118,-109,-107,-120,-118,-116,-114,-100,-115,-124,-60,-81,-74,-94,-97,-110,-68,-81,-62,-67,-66,-72,-57,-140,-140,-139,-140,-137,-137,-167,-168,-281,-277,-313,-323,-299,-273,-256,-248,-299,-295,-283,-272,-391,-399,-798,-800,-785,-780,-760,-735,-732,-738,-2554,-2377]} 1. e4 c5 2. Nc3 d6 3. Bb5+ Nd7 (3... Bd7 4. Bxd7+ Qxd7 5. d4 cxd4 6. Qxd4 Nc6 7. Qd3 g6 8. Nf3 Bg7 9. O-O Nf6 10. Nd5 O-O 11. Bg5 Nxd5 12. exd5 {½-½ (33) Shimanov,A (2615)-Sjugirov,S (2667) Yaroslavl 2019}) 4. a4 Ngf6 5. f4 a6 6. Bc4 {B23: Closed Sicilian: Lines without g3} e6 7. d3 Be7 8. Nf3 {The position is equal.} O-O 9. O-O $146 ({Predecessor:} 9. Bb3 b6 10. O-O Bb7 {1-0 (53) Deus Filho,J (1915)-De Souza,C (2017) Sao Paulo 2017}) 9... b6 10. Qe1 Bb7 11. Bb3 Rc8 12. e5 Ne8 13. Bd2 g6 14. f5 (14. Ne4 $11) 14... gxf5 $17 15. exd6 Nxd6 16. Ne2 Bxf3 17. Rxf3 Ne5 18. Rh3 c4 19. Ba2 cxd3 20. cxd3 Bf6 21. Bc3 Ng6 (21... Ng4 $17 22. Qg3 b5) 22. Qd2 {White wants to play Qh6!} Bg5 23. Qd1 Ne8 24. Nd4 {aiming for Nxe6!} Ng7 25. Nf3 Bf6 26. Qd2 h5 27. Rf1 Re8 28. Bc4 ({Better is} 28. Bxf6 $15 Qxf6 29. Bc4) 28... Bxc3 29. bxc3 {[#]} b5 $1 {[%cal Rb5c4][%mdl 512]} 30. axb5 axb5 31. Ba2 Qa5 32. Bb1 (32. c4 {was called for.} Qxd2 33. Nxd2) 32... Qxc3 $19 33. Qh6 Rc7 34. Rg3 Qf6 35. d4 Rc3 {[%cal Bc7c3,Bc3c1,Bc1d1][%mdl 32]} 36. Rg5 b4 {[%cal Bb5b4,Bb4b3,Bb3b2][%mdl 32]} 37. Ne5 b3 38. Rd1 {[#]} (38. g4 {is a better defense.} hxg4 39. Rxg4 $1 {[%mdl 512]}) 38... b2 $1 {...Rc1 is the strong threat.} 39. Nxg6 $2 (39. Rg3 Rxg3 40. hxg3) 39... fxg6 {Black is clearly winning.} 40. Rxg6 {[#]} Rc1 $1 {[%mdl 512] ( -> ...Qxd4+)} 41. Rxf6 (41. Rxc1 Qxg6) 41... Rxd1+ 42. Kf2 Rxb1 43. Kg3 Rc1 {Accuracy: White = 43%, Black = 80%.} 0-1

[Event "VI Sunway Sitges Open 2019"]
[Site "Sitges"]
[Date "2019.12.20"]
[Round "9.2"]
[White "Durarbayli, Vasif"]
[Black "Kovalenko, Igor"]
[Result "1-0"]
[WhiteElo "2609"]
[BlackElo "2647"]
[Annotator "RC"]
[PlyCount "111"]
[EventDate "2019.12.13"]
[EventType "swiss"]
[EventCountry "ESP"]
[SourceTitle "playchess.com"]
[Source "ChessBase"]
[SourceQuality "1"]
[TimeControl "40/5400+30:1800+30"]

1. e4 {[%emt 0:00:00]} d5 {[%emt 0:00:00]} 2. exd5 {[%emt 0:00:00]} Qxd5 {[%emt 0:00:00]} 3. Nc3 {[%emt 0:00:00]} Qa5 {[%emt 0:00:00]} 4. d4 {[%emt 0:00:00]} Nf6 {[%emt 0:00:00]} 5. Nf3 {[%emt 0:00:00]} Bf5 {[%emt 0:00:00]} 6. Ne5 {[%emt 0:01:08]} c6 {[%emt 0:00:00]} 7. g4 {[%emt 0:00:24]} Be6 {[%emt 0:00:35]} 8. Bc4 {[%emt 0:14:01]} Bxc4 {[%emt 0:00:39]} 9. Nxc4 {[%emt 0:00:06]} Qa6 {[%emt 0:00:17]} 10. Qe2 {[%emt 0:03:04]} e6 {[%emt 0:00:16]} 11. g5 {[%emt 0:00:49]} Nd5 {[%emt 0:00:06]} 12. Ne4 {[%emt 0:00:05]} Nd7 {[%emt 0:12:36]} 13. Ncd6+ {[%emt 0:03:38]} Bxd6 {[%emt 0:00:03]} 14. Nxd6+ {[%emt 0:00:08]} Ke7 {[%emt 0:00:03]} 15. Qxa6 {[%emt 0:00:39]} bxa6 {[%emt 0:00:03]} 16. Ne4 {[%emt 0:00:28]} Nb4 {[%emt 0:14:17]} 17. Kd2 {[%emt 0:05:48]} f5 {[%emt 0:02:52]} 18. gxf6+ {[%emt 0:00:25]} Nxf6 {[%emt 0:00:02]} 19. Nxf6 {[%emt 0:05:37]} gxf6 {[%emt 0:00:04]} 20. c4 {[%emt 0:08:03]} a5 {[%emt 0:00:03]} 21. a3 {[%emt 0:00:37]} Na6 {[%emt 0:00:04]} 22. Kc3 {[%emt 0:00:32]} a4 {[%emt 0:07:18]} 23. Bf4 {[%emt 0:02:19]} Rag8 {[%emt 0:06:20]} 24. Rhg1 {[%emt 0:04:33]} Rg6 {[%emt 0:02:51]} 25. Rae1 {[%emt 0:04:34]} Kf7 {[%emt 0:02:22]} 26. Rg3 {[%emt 0:02:22]} Rxg3+ {[%emt 0:07:27]} 27. hxg3 {[%emt 0:00:14]} h5 {[%emt 0:00:03]} 28. Rh1 {[%emt 0:03:53]} Kg6 {[%emt 0:02:55]} 29. Rh4 {[%emt 0:03:46]} Rd8 {[%emt 0:07:44]} 30. g4 {[%emt 0:02:32]} hxg4 {[%emt 0:00:00]} 31. Rxg4+ {[%emt 0:00:11]} Kf5 {[%emt 0:00:00]} 32. Rh4 {[%emt 0:00:04]} c5 {[%emt 0:25:52]} 33. Be3 {[%emt 0:00:20]} Rd7 {[%emt 0:00:44]} 34. dxc5 {[%emt 0:02:43]} e5 {[%emt 0:01:02]} 35. Rh5+ {[%emt 0:01:45]} Ke4 {[%emt 0:00:12]} 36. Rh6 {[%emt 0:00:34]} Kf5 {[%emt 0:01:49]} 37. Rh8 {[%emt 0:06:00]} Rc7 {[%emt 0:00:16]} 38. Rd8 {[%emt 0:01:12]} Nxc5 {[%emt 0:00:33]} 39. Bxc5 {[%emt 0:02:51]} Rxc5 {[%emt 0:00:03]} 40. Rd7 {[%emt 0:00:00]} Ke4 {[%emt 0:00:00]} 41. Rxa7 {[%emt 0:10:08]} f5 {[%emt 0:06:59]} 42. Rxa4 {[%emt 0:00:45]} Kf3 {[%emt 0:00:37]} 43. b4 {[%emt 0:10:51]} Rc8 {[%emt 0:00:04]} 44. Ra5 {[%emt 0:03:23]} Re8 {[%emt 0:00:03]} 45. b5 {[%emt 0:04:47]} Kxf2 {[%emt 0:00:41]} 46. b6 {[%emt 0:00:05]} f4 {[%emt 0:00:04]} 47. b7 {[%emt 0:00:31]} Rb8 {[%emt 0:00:23]} 48. Rb5 {[%emt 0:04:06]} f3 {[%emt 0:10:43]} 49. c5 {[%emt 0:01:56]} Kg3 {[%emt 0:02:26]} 50. c6 {[%emt 0:00:47]} f2 {[%emt 0:00:02]} 51. Rb1 {[%emt 0:00:25]} e4 {[%emt 0:00:03]} 52. Kd4 {[%emt 0:01:29]} Kf3 {[%emt 0:00:05]} 53. Rc1 {[%emt 0:05:14]} Rd8+ {[%emt 0:00:04]} 54. Kc5 {[%emt 0:00:44]} Rg8 {[%emt 0:05:46]} 55. c7 {[%emt 0:00:06]} Rg5+ {[%emt 0:00:01]} 56. Kd4 {[%emt 0:01:26]} 1-0

[Event "VI Sunway Sitges Open 2019"]
[Site "Sitges"]
[Date "2019.12.20"]
[Round "9.3"]
[White "Donchenko, Alexander"]
[Black "Nasuta, Grzegorz"]
[Result "1/2-1/2"]
[WhiteElo "2644"]
[BlackElo "2545"]
[Annotator "TA"]
[PlyCount "97"]
[EventDate "2019.12.13"]
[EventType "swiss"]
[EventCountry "ESP"]
[SourceTitle "playchess.com"]
[Source "ChessBase"]
[SourceQuality "1"]

{[%evp 18,97,18,16,13,7,30,33,33,32,33,33,33,0,0,7,4,0,41,0,0,0,0,0,0,-27,0,-70,-62,-75,-75,-75,-75,-75,-79,-47,-40,-78,12,12,12,12,12,12,12,10,10,10,8,0,0,0,0,0,0,0,0,0,0,0,0,0,0,0,0,0,0,0,0,0,0,0,0,0,0,0,0,0,0,0,0,0]} 1. d4 Nf6 2. c4 g6 3. Nf3 Bg7 4. Nc3 d5 5. cxd5 Nxd5 6. e4 Nxc3 7. bxc3 c5 8. Be3 Qa5 9. Qd2 Nc6 10. Rb1 a6 {D85: Exchange Grünfeld: Unusual White 7th moves and lines with 7 Nf3} (10... cxd4 11. cxd4 O-O 12. Qxa5 Nxa5 13. Bd3 Bg4 14. O-O Bxf3 15. gxf3 e6 16. Rfd1 Rfd8 17. Bf1 b6 18. Ba6 {1-0 (37) Carlsen,M (2875)-Vachier Lagrave,M (2779) Zagreb 2019}) 11. Rc1 f5 12. e5 f4 {White is slightly better.} 13. Bxf4 Bg4 14. Be2 Rd8 15. Rd1 $146 ({Predecessor:} 15. Ng5 Bf5 16. g4 Bc8 17. Bc4 Bxe5 18. Bf7+ {0-1 (52) Kjartansson,G (2468)-Ganguly,S (2595) Caleta 2015}) 15... Bxf3 16. Bxf3 Nxe5 17. Bxb7 Nc4 18. Bc6+ Kf7 19. Qc2 cxd4 {Strongly threatening ...d3.} 20. O-O {Hoping for cxd4.} dxc3 21. Rfe1 {Qe4! is the strong threat.} (21. Qe2 $5 {[%cal Re2c4]} Ne5 22. Be4 $11) 21... Rxd1 22. Qxd1 (22. Rxd1 $11 Rd8 23. Rxd8 Qxd8 24. Qb3) 22... Rd8 $1 $15 {[%cal Rd8d1]} 23. Qe2 Ne5 $1 {[%cal Re5c6]} 24. Be4 {With the idea Bc2.} Qb5 {( -> ...Qxe2)} 25. Qe3 {[#] White wants to play Bc2.} Bf6 $1 26. Bc2 {[%cal Rf4e5]} Nd3 27. Rd1 {[%cal Rc2d3]} Nxf4 (27... Bd4 $17 28. Qf3 Nxf4 29. Qxf4+ Kg7) 28. Rxd8 $11 {The position is equal.} Ne2+ $1 29. Kh1 Nd4 $1 {[%cal Rb5f1]} 30. Bd3 Qc5 31. Qh6 c2 32. Qxh7+ (32. Bc4+ $2 e6 $19) 32... Ke6 33. Qh3+ Nf5 (33... Kf7 $5 34. Qh7+ $8 (34. Bc4+ $2 e6 $19) 34... Ke6 35. Qg8+ Ke5 36. Bxc2 Nxc2 $11) 34. Bxf5+ $1 gxf5 {[%mdl 4096] Endgame KQR-KQB} 35. Qb3+ Ke5 36. Qb2+ Ke6 $1 37. Qb3+ Ke5 38. Qb8+ Ke4 39. Qb7+ Ke5 (39... Kf4 $5 40. Qf3+ $8 Kg5 41. Rg8+ Bg7 42. Qg3+ Kh5 43. Qh3+ Kg6 44. Qg3+ Kh5 45. Qh3+ Kg6 46. Qg3+ Kh5 $11) 40. Qb8+ Ke4 41. Qb7+ Ke5 (41... Kf4 $5 42. Qf3+ $8 Kg5 43. Rg8+ Bg7 44. Qg3+ Kh5 45. Qh3+ Kg6 46. Qg3+ Kh5 47. Qh3+ Kg6 48. Qg3+ Kh5 $11) 42. f4+ {[%mdl 64] Decoy} Kxf4 43. Qf3+ Ke5 (43... Kg5 $5 44. Rg8+ $8 {[#]} Bg7 $1 {[%mdl 512]} 45. Qg3+ Kh5 46. Qh3+ Kg6 47. Qg3+ Kh5 48. Qh3+ Kg6 49. Qg3+ Kh5 $11) 44. Qe2+ {[%mdl 64] Double Attack} Kf4 45. Qf1+ Ke4 $1 46. Qd3+ Ke5 47. Qe2+ Kf4 48. Qd2+ Ke4 $1 49. Qe2+ {Accuracy: White = 69%, Black = 67%.} 1/2-1/2